000 00772nam a22002531 4500
001 35937
003 BD-RjUL
005 20211209052415.0
008 140611s1953 ncua b 000 0 eng d
035 _a(BD-RjUL)36034
040 _aDLC
_cDLC
_dDLC
_dBD-RjUL
_beng
041 _aeng
082 0 0 _a303.3
_222
_bHUC 1953
100 1 _aHunter, Floyd.
_9109399
245 1 0 _aCommunity power structure ;
_ba study of decision makers /
_cFloyd Hunter
260 _aChapel Hill :
_bUniversity of North Carolina Press,
_c1953.
300 _axiv, 297 p. :
_bill. ;
_c21 cm.
504 _aBibliography: p. [273]-289.
650 0 _aCommunity leadership.
_9103830
650 0 _aPower (Social sciences)
_9109400
942 _2ddc
_cBK
999 _c35937
_d35937